Vista normal
Vista MARC
Entrada Personal Name
Número de registros utilizados en: 1
001 - CONTROL NUMBER
- control field: 17343
003 - CONTROL NUMBER IDENTIFIER
- control field: DLC
005 - DATE AND TIME OF LATEST TRANSACTION
- control field: 20250717165304.0
008 - FIXED-LENGTH DATA ELEMENTS
- fixed length control field: 030310n| azannaabn |a aaa c
010 ## - LIBRARY OF CONGRESS CONTROL NUMBER
- LC control number: no2003022745
035 ## - SYSTEM CONTROL NUMBER
- System control number: (OCoLC)oca05993282
035 ## - SYSTEM CONTROL NUMBER
- System control number: (CaEvSKY)skya6858689
040 ## - CATALOGING SOURCE
- Original cataloging agency: NNU-L
- Language of cataloging: spa
- Description conventions: rda
- Transcribing agency: Mx-PuUPA
- Modifying agency: MX-MxCID
- Modifying agency: Mx-PuUPA
100 1# - HEADING--PERSONAL NAME
- Personal name: Luna Pla, Issa,
372 ## - FIELD OF ACTIVITY
- Field of activity: Libertad de información
- Source of term: lcsh
373 ## - ASSOCIATED GROUP
- Associated group: Universidad Iberoamericana (Ciudad de México, México)
- Source of term: naf
374 ## - OCCUPATION
- Occupation: Investigadora
- Occupation: Autora
375 ## - GENDER
- Gender: mujer
- Source of term: lcdgt
377 ## - ASSOCIATED LANGUAGE
- Language code: spa
400 1# - SEE FROM TRACING--PERSONAL NAME
- Personal name: Pla, Issa Luna
670 ## - SOURCE DATA FOUND
- Source citation: El derecho de acceso a la información, c2001:
- Information found: t.p. (Issa Luna Pla) p. 55 (Directora ejecutiva, cátedra Konrad Adenauer en derecho de la información e investigadora, Programa Iberoamericano de derecho de la información, Univ. Iberoamericana)
670 ## - SOURCE DATA FOUND
- Source citation: Gobierno abierto y el valor social de la información pública, 2015:
- Information found: title page (Issa Luna Pla)